000 00925nam a22003017a 4500
003 CHAP
005 20220329134646.0
008 971013s1932 r 00010 d
010 _a23755
011 _a24727
035 _a28826
040 _cCHAP
082 _a581.5
_bB73p
100 0 0 _aBraun-Blanquet, Josias.
_915104
245 _aPlant sociology ; the study of plant communities
260 _aNew York :
_bMcGraw-Hill,
_c1932
300 _a439 p.
_b: ilus.
590 _aBATCH-UPD
_b10
_c20130110
_lUCH01
_h0152
590 _aBATCH-UPD
_b10
_c20130110
_lUCH01
_h2000
590 _aBATCH-UPD
_b10
_c20130410
_lUCH01
_h1320
590 _aBATCH-UPD
_b10
_c20130914
_lUCH01
_h0747
590 _aCONVERSION
_b10
_c20130109
_lUCH01
_h1314
650 1 4 _aEcologĂ­a vegetal.
_935188
650 1 4 _aFitogeografĂ­a.
_941157
901 _aBK
942 _cLIBRO
949 _a581.5 B73p
_bBC
_cLIBRO
_d33724000542437
_eLIBRO
_h9465
_i28826
_si
999 _c23755
_d23755